|
|
|
|
| LEADER |
00000nam0a2200000 4500 |
| 001 |
50486 |
| 005 |
20231031033125.0 |
| 010 |
|
|
|a 5283038033
|
| 035 |
|
|
|a (RuTPU)RU\TPU\book\52866
|
| 090 |
|
|
|a 50486
|
| 100 |
|
|
|a 20030416d1990 k y0rusy50 ca
|
| 101 |
0 |
|
|a rus
|
| 102 |
|
|
|a RU
|
| 105 |
|
|
|a a z 001zy
|
| 200 |
1 |
|
|a Динамика ядерных реакторов
|f В. Ф. Колесов, П. А. Леппик, С. П. Павлов и др.
|g Под ред. Я. В. Шевелева
|
| 210 |
|
|
|a Москва
|c Энергоатомиздат
|d 1990
|
| 215 |
|
|
|a 517 с.
|c ил.
|
| 320 |
|
|
|a Библиогр.: с. 504-510
|
| 610 |
1 |
|
|a ядерные реакторы
|
| 610 |
1 |
|
|a динамика
|
| 610 |
1 |
|
|a реактивность
|
| 610 |
1 |
|
|a импульсные реакторы
|
| 610 |
1 |
|
|a расчеты
|
| 610 |
1 |
|
|a пространственная устойчивость
|
| 610 |
1 |
|
|a корпусные реакторы
|
| 675 |
|
|
|a 621.039.512
|v 3
|
| 701 |
|
1 |
|a Колесов
|b В. Ф.
|g Владимир Федорович
|
| 701 |
|
1 |
|a Леппик
|b П. А.
|g Пауль Александрович
|
| 701 |
|
1 |
|a Павлов
|b С. П.
|g Сергей Павлович
|
| 701 |
|
1 |
|a Плютинский
|b В. И.
|g Владислав Иванович
|
| 701 |
|
1 |
|a Сабаев
|b Е. Ф.
|g Евгений Федорович
|
| 702 |
|
1 |
|a Шевелев
|b Я. В.
|g Ясен Владимирович
|4 340
|
| 801 |
|
1 |
|a RU
|b 63413507
|c 20030416
|g PSBO
|
| 801 |
|
2 |
|a RU
|b 63413507
|c 20111031
|g PSBO
|
| 900 |
|
|
|a Теория управления ядерным реактором
|
| 900 |
|
|
|a Динамика и безопасность ядерно-энергетических установок
|
| 942 |
|
|
|c BK
|